|
|
|
|
| LEADER |
00930nab a2200205 i 4500 |
| 001 |
misc11342 |
| 005 |
20191106142002.0 |
| 008 |
170607s1940 hu o 0|| hun d |
| 022 |
|
|
|a 0025-0260
|
| 040 |
|
|
|a SZTE Miscellanea Repozitórium
|b hun
|
| 041 |
|
|
|a hun
|
| 100 |
1 |
|
|a Gyulai Ágost
|
| 245 |
1 |
0 |
|a Gergely László
|h [elektronikus dokumentum] :
|b Fináczy Ernő pedagógiája. (Közlemények a szegedi Ferenc József-tudományegyetem Pedagógiai-Lélektani Intézetéből. 20. szám). Szeged, 1937., 8-r., 82 l. : [könyvismertetés] /
|c Gyulai Ágost
|
| 260 |
|
|
|c 1940
|
| 300 |
|
|
|a 279-281
|
| 490 |
0 |
|
|a Magyar pedagógia : a Magyar Tudományos Akadémia Pedagógiai Bizottságának folyóirata
|v 49
|
| 695 |
|
|
|a Fináczy Ernő, Pedagógia Magyarország 19-20. sz., Fináczy Ernő
|
| 700 |
0 |
1 |
|a Gergely László
|
| 700 |
0 |
1 |
|a Fináczy Ernő
|
| 856 |
4 |
0 |
|u http://misc.bibl.u-szeged.hu/11342/1/mp_1940_3939_279-281.pdf
|z Dokumentum-elérés
|